| 000 | 00351nam a2200133Ia 4500 | ||
|---|---|---|---|
| 008 | 240624s9999 xx 000 0 und d | ||
| 041 | _aeng | ||
| 082 | _a658.4 POW | ||
| 100 | _aPOWELL WALTER W | ||
| 245 | _aNEW INSTITUTIONALISM IN ORGANIZATIONAL A | ||
| 260 |
_c1991 _aLondon _bThe University of Chicago Press |
||
| 300 | _a486 : p. | ||
| 365 |
_c _b26 |
||
| 999 |
_c20936 _d20936 |
||